Bài tập Đại số và Giải tích 11
Bao gồm các bài tập giải tích và đại số theo chương trình học của Lớp 11. Sách giúp học sinh rèn luyện và học giỏi môn học này.
Enregistré dans:
| Auteur principal: | |
|---|---|
| Format: | Livre |
| Langue: | Undetermined |
| Publié: |
Hà Nội
Giáo dục
2010
|
| Sujets: | |
| Tags: |
Ajouter un tag
Pas de tags, Soyez le premier à ajouter un tag!
|
| Thư viện lưu trữ: | Trung tâm Học liệu Trường Đại học Cần Thơ |
|---|
| LEADER | 00879nam a2200217Ia 4500 | ||
|---|---|---|---|
| 001 | CTU_157836 | ||
| 008 | 210402s9999 xx 000 0 und d | ||
| 020 | |c 10600 | ||
| 082 | |a 515.076 | ||
| 082 | |b T502/L.11 | ||
| 100 | |a Vũ, Tuấn | ||
| 245 | 0 | |a Bài tập Đại số và Giải tích 11 | |
| 245 | 0 | |c Vũ Tuấn (Chủ biên) | |
| 260 | |a Hà Nội | ||
| 260 | |b Giáo dục | ||
| 260 | |c 2010 | ||
| 520 | |a Bao gồm các bài tập giải tích và đại số theo chương trình học của Lớp 11. Sách giúp học sinh rèn luyện và học giỏi môn học này. | ||
| 650 | |a Mathematical analysis | ||
| 650 | |x Problems, exercises, etc.,Study and teaching (Secondary ) | ||
| 904 | |i Bạch Trúc (Tuyến sửa số 515.0712 thành 515.076) | ||
| 980 | |a Trung tâm Học liệu Trường Đại học Cần Thơ | ||